000 00637nam a22002177a 4500
003 UA-OsUOA
001 68395
007 ta
008 20100423b un ||||| |||| 00| 0 ukr d
100 _aСтруцик Й.
090 _a94(477)
_bС87
942 _cSA
040 _aUA-OsUOA
_bfre
_cUA-OsUOA
_dUA-OsUOA
245 _aЧия б кричала, або кілька міркувань із приводу так званої волинської різанини
300 _aС.4
955 _a0
041 _afre
080 _a94(477)
773 0 _w68394
650 7 _a9 Географія. Біографії. Історія
_2UDC
999 _c354642
_d354642